000 00928nam a2200217Ia 4500
005 20251215152029.0
008 250219s9999||||xx |||||||||||||| ||und||
100 _aدحماني، محمد
245 0 _aتأثير وسائل الإعلام في تنامي ظاهرة العنف في ملاعب كرة القدم الجزائرية
260 _aالجزائر
_c2016
300 _a158 و.
_c30 سم.
502 _aدكتوراه
502 _cمعهد التربية البدنية و الرياضية، جامعة الجزائر 3
653 _aالإعلام الرياض
653 _aالإعلام المكتوب
653 _aالعنف في الملاعب
700 _aبن عكي, محند آكلي
710 _aمعهد التربية البدنية و الرياضية، جامعة الجزائر 3
856 _uhttps://dspace.univ-alger3.dz/jspui/handle/123456789/3248
942 _cأطروحات
999 _c14393
_d14393